Click the Missing Vowel - Statistics

General Stats
  • This quiz has been taken 198 times
  • The average score is 15 of 21
Answer Stats
Hint Answer % Correct
Narc_ssistic i
86%
Ind_gnant i
85%
Minim_m u
85%
Contr_versy o
84%
Re_ncarnation i
83%
Galliv_nt a
82%
Vagr_nt a
81%
Secr_tary e
81%
Pen_cillin i
80%
Cont_rt o
80%
Ben_fit e
77%
Prom_nade e
77%
Inc_rsion u
74%
Derog_tory a
67%
Microc_sm o
67%
Arboret_m u
64%
Pan_rama o
63%
Recipr_cal o
62%
Accust_m o
61%
Bipart_te i
54%
Obstr_perous e
40%
No matching quizzes found
Score Distribution
Percent of People with Each Score
Percentile by Number Answered
Your Score History
You have not taken this quiz